[Event "CYCC U14"]
[Site "Montreal CAN"]
[Date "2002.07.12"]
[Round "8"]
[White "Krnan, Tomas"]
[Black "Meng, Fanhao"]
[Result "1/2-1/2"]
[WhiteElo "2164"]
[BlackElo "2140"]
[PlyCount "101"]
[EventDate "2002.07.08"]
[EventType "swiss"]
[EventRounds "8"]
[EventCountry "CAN"]
[Source "CFC"]
[SourceDate "2002.08.??"]

1. e4 e5 2. Nf3 Nc6 3. Bb5 a6 4. Ba4 Nf6 5. O-O b5 6. Bb3 Be7 7. Re1 d6 8. c3
O-O 9. h3 Na5 10. Bc2 c5 11. d4 Qc7 12. Nbd2 cxd4 13. cxd4 Bb7 14. Nf1 Rfc8 15.
Re2 Nc6 16. Ng3 Bf8 17. Bg5 Nd7 18. Rc1 Nb6 19. Bb3 Qd7 20. Be3 exd4 21. Nxd4
Na5 22. Ndf5 Rxc1 23. Qxc1 Nbc4 24. Bd4 Nxb3 25. axb3 Ne5 26. Qf4 f6 27. Qe3
Re8 28. f4 Nf7 29. Qf3 g6 30. Qg4 Qe6 31. Nh5 Ne5 32. fxe5 dxe5 33. Rf2 Kh8 34.
Nxf6 Qxf6 35. Nh6 Qg7 36. Be3 Bc8 37. Qg3 Be6 38. Ng4 Bxg4 39. Qxg4 Bb4 40. Kh2
Rf8 41. Qe6 Rxf2 42. Bxf2 Be7 43. Qxa6 Qf6 44. Qxf6+ Bxf6 45. Kg3 Kg7 46. Kf3
Kf7 47. Ke3 Ke6 48. Kd3 Be7 49. Kc3 Kd7 50. Bg3 Ke6 51. Bf2 1/2-1/2

[Event "CYCC U16"]
[Site "Montreal CAN"]
[Date "2002.07.08"]
[Round "1"]
[White "Clyde, Jordan"]
[Black "Buscar, Michael"]
[Result "1-0"]
[WhiteElo "1808"]
[BlackElo "2068"]
[PlyCount "96"]
[EventDate "2002.07.08"]
[EventType "swiss"]
[EventRounds "8"]
[EventCountry "CAN"]
[Source "CFC"]
[SourceDate "2002.08.??"]

1. Nf3 d5 2. b3 Nf6 3. g3 e6 4. Bg2 Bd6 5. Bb2 O-O 6. O-O Qe7 7. Ne5 Nbd7 8.
Nxd7 Bxd7 9. d3 e5 10. Nd2 c6 11. e4 d4 12. Nc4 b5 13. Nxd6 Qxd6 14. Bc1 Ng4
15. h3 Nf6 16. f4 Rac8 17. f5 Ne8 18. g4 f6 19. Rf3 c5 20. Bf1 Qa6 21. Rg3 Nd6
22. g5 fxg5 23. Bxg5 Nf7 24. Be7 Rfe8 25. f6 g6 26. Qh5 Rxe7 27. Rxg6+ Kh8 28.
Rg7 Ng5 29. Qxg5 Qxf6 30. Qxf6 Rxg7+ 31. Kh2 Re8 32. Be2 Re6 33. Qd8+ Re8 34.
Qc7 Bxh3 35. Qxg7+ Kxg7 36. Kxh3 Re6 37. Rg1+ Kf8 38. Rg5 h6 39. Bg4 Ra6 40.
Rxe5 c4 41. Rxb5 Rxa2 42. bxc4 Rxc2 43. Ra5 Rd2 44. Ra3 a5 45. e5 Ke7 46. Bf5
a4 47. Rxa4 Rf2 48. Ra7+ Ke8 1-0

[Event "CYCC U16"]
[Site "Montreal CAN"]
[Date "2002.07.10"]
[Round "5"]
[White "Divljan, Igor"]
[Black "Buscar, Michael"]
[Result "1-0"]
[WhiteElo "2264"]
[BlackElo "2068"]
[PlyCount "52"]
[EventDate "2002.07.08"]
[EventType "swiss"]
[EventRounds "8"]
[EventCountry "CAN"]
[Source "CFC"]
[SourceDate "2002.08.??"]

1. d4 d5 2. c4 e6 3. Nc3 c5 4. cxd5 exd5 5. Nf3 Nc6 6. g3 Nf6 7. Bg2 Be7 8. O-O
O-O 9. Bg5 c4 10. Ne5 Be6 11. b3 Qa5 12. Na4 Rfc8 13. bxc4 dxc4 14. Nxc6 bxc6
15. Bxf6 gxf6 16. e4 Rd8 17. f4 f5 18. g4 fxe4 19. f5 Bd5 20. f6 Bf8 21. Rf5
Re8 22. Qc2 Qd8 23. Qf2 Qd6 24. Rg5+ Kh8 25. Rh5 e3 26. Qh4 h6 1-0

[Event "CYCC U16-U18 w"]
[Site "Montreal CAN"]
[Date "2002.07.09"]
[Round "2"]
[White "Kazakevich, Anastasia"]
[Black "Khaziyeva, Dinara"]
[Result "0-1"]
[WhiteElo "1841"]
[BlackElo "2028"]
[PlyCount "82"]
[EventDate "2002.07.08"]
[EventType "swiss"]
[EventRounds "8"]
[EventCountry "CAN"]
[Source "CFC"]
[SourceDate "2002.08.??"]

1. d4 Nf6 2. c4 g6 3. Nc3 Bg7 4. e4 d6 5. f3 Nbd7 6. Bd3 e5 7. d5 O-O 8. Nge2
a5 9. a4 Nc5 10. O-O Nfd7 11. Be3 f5 12. Qc2 f4 13. Bf2 g5 14. Kh1 b6 15. Nc1
Nf6 16. Nb3 Nxb3 17. Qxb3 Qe8 18. Nb5 Qe7 19. Qc2 Rf7 20. Be1 Bf8 21. Bc3 g4
22. Rg1 Rg7 23. Qe2 Nh5 24. Be1 Qg5 25. fxg4 Bxg4 26. Qf1 Ng3+ 27. Bxg3 fxg3
28. h3 Qh4 29. Be2 Bc8 30. Ra3 Qxe4 31. Bf3 Qh4 32. Re3 Rf7 33. Nc3 Bh6 34. Re4
Qg5 35. Re2 Bd7 36. Ne4 Qh4 37. Re1 Raf8 38. Re2 Kh8 39. Re1 Rxf3 40. gxf3 Bxh3
41. Rg2 Bxg2+ 0-1

[Event "CYCC U16-U18 w"]
[Site "Montreal CAN"]
[Date "2002.07.09"]
[Round "3"]
[White "Charbonneau, Anne-Marie"]
[Black "Kagramanov, Dina"]
[Result "1/2-1/2"]
[WhiteElo "1924"]
[BlackElo "2055"]
[PlyCount "65"]
[EventDate "2002.07.08"]
[EventType "swiss"]
[EventRounds "8"]
[EventCountry "CAN"]
[Source "CFC"]
[SourceDate "2002.08.??"]

1. d4 d5 2. c4 c6 3. Nf3 e6 4. e3 Nf6 5. Nc3 Be7 6. Qc2 O-O 7. b3 Re8 8. Bd3
Nbd7 9. O-O Nf8 10. e4 dxe4 11. Nxe4 Nxe4 12. Bxe4 f5 13. Bd3 Bf6 14. Bb2 Ng6
15. Rfe1 Nh4 16. Nxh4 Bxh4 17. Rad1 Bf6 18. Re3 Bd7 19. Rde1 Qc7 20. Qd2 Bg5
21. Qd1 Bxe3 22. Rxe3 Rf8 23. d5 cxd5 24. cxd5 Rae8 25. Be5 Qa5 26. d6 Rd8 27.
Qa1 Rf7 28. Rg3 g6 29. h4 Qd2 30. h5 Rc8 31. Bc4 g5 32. Bc3 Qf4 33. Qe1 1/2-1/2

[Event "CYCC U16-U18 w"]
[Site "Montreal CAN"]
[Date "2002.07.09"]
[Round "3"]
[White "Khaziyeva, Dinara"]
[Black "Rodina, Nataliya"]
[Result "1-0"]
[WhiteElo "2028"]
[BlackElo "2016"]
[PlyCount "93"]
[EventDate "2002.07.08"]
[EventType "swiss"]
[EventRounds "8"]
[EventCountry "CAN"]
[Source "CFC"]
[SourceDate "2002.08.??"]

1. c4 e6 2. Nf3 d5 3. b3 c6 4. Bb2 f5 5. d4 Nf6 6. e3 Bd6 7. Nbd2 O-O 8. Bd3
Ne4 9. O-O Nd7 10. Ne5 Nxd2 11. Qxd2 Qc7 12. f4 Nf6 13. Rac1 Bd7 14. Rf3 Ne4
15. Qe1 Be8 16. Rh3 Qe7 17. Qe2 Nf6 18. Kh1 c5 19. dxc5 Bxc5 20. Bd4 Bxd4 21.
exd4 Rc8 22. Re1 Ne4 23. Kg1 Qf6 24. Re3 Rd8 25. Qb2 Bf7 26. g3 Be8 27. c5 Rc8
28. b4 a6 29. Ra1 Bc6 30. a4 Ra8 31. b5 axb5 32. axb5 Rxa1+ 33. Qxa1 Be8 34.
Qa7 g5 35. Rf3 Bh5 36. Rf1 Nd2 37. Rf2 Ne4 38. Rg2 Rf7 39. c6 bxc6 40. Nxf7
Bxf7 41. Bxe4 fxe4 42. bxc6 Be8 43. c7 Bd7 44. Rb2 Bc8 45. Rb8 gxf4 46. Rxc8+
Kg7 47. Rg8+ 1-0

[Event "CYCC U16-U18 w"]
[Site "Montreal CAN"]
[Date "2002.07.11"]
[Round "7"]
[White "Xia, Angel"]
[Black "Kagramanov, Dina"]
[Result "1-0"]
[WhiteElo "1765"]
[BlackElo "2055"]
[PlyCount "51"]
[EventDate "2002.07.08"]
[EventType "swiss"]
[EventRounds "8"]
[EventCountry "CAN"]
[Source "CFC"]
[SourceDate "2002.08.??"]

1. e4 c5 2. Nf3 e6 3. d4 cxd4 4. Nxd4 a6 5. Bd3 Nf6 6. Nc3 d6 7. Be3 Be7 8. f4
O-O 9. Qf3 Nbd7 10. O-O Re8 11. Rad1 Bf8 12. f5 Ne5 13. Qh3 Nfg4 14. fxe6 fxe6
15. Bc1 Nxd3 16. Qxd3 e5 17. Nf5 Bxf5 18. Rxf5 Qb6+ 19. Kf1 Nxh2+ 20. Ke2 Ng4
21. Qh3 Nf6 22. Rh1 h5 23. g4 hxg4 24. Qh8+ Kf7 25. Rxf6+ gxf6 26. Rh7+ 1-0

[Event "CYCC U18"]
[Site "Montreal CAN"]
[Date "2002.07.08"]
[Round "1"]
[White "Lawson, Eric"]
[Black "Tomb, Maroun"]
[Result "1-0"]
[WhiteElo "2301"]
[BlackElo "2203"]
[PlyCount "75"]
[EventDate "2002.07.08"]
[EventType "swiss"]
[EventRounds "8"]
[EventCountry "CAN"]
[Source "CFC"]
[SourceDate "2002.08.??"]

1. b3 c5 2. Bb2 Nc6 3. e3 d5 4. Bb5 Qb6 5. a4 a6 6. a5 Qc7 7. Bxc6+ Qxc6 8. Nf3
Bg4 9. h3 Bh5 10. g4 Bg6 11. Ne5 Qc7 12. d3 f6 13. Nxg6 hxg6 14. f4 e6 15. Qf3
Ne7 16. c4 Nc6 17. Bc3 d4 18. exd4 cxd4 19. Bd2 Bb4 20. Bxb4 Nxb4 21. O-O Kf7
22. Nd2 Rad8 23. Ne4 Rhe8 24. Ra4 Nc6 25. b4 Kg8 26. Rb1 f5 27. Ng5 e5 28. gxf5
gxf5 29. Qh5 g6 30. Qxg6+ Qg7 31. Qxg7+ Kxg7 32. b5 axb5 33. cxb5 Nb8 34. Rc1
Nd7 35. Rcc4 b6 36. a6 Nc5 37. Rxc5 bxc5 38. b6 1-0

[Event "CYCC U18"]
[Site "Montreal CAN"]
[Date "2002.07.08"]
[Round "1"]
[White "McAlpin, John-Francis"]
[Black "Miller, Evgeny"]
[Result "1-0"]
[WhiteElo "1961"]
[BlackElo "2216"]
[PlyCount "109"]
[EventDate "2002.07.08"]
[EventType "swiss"]
[EventRounds "8"]
[EventCountry "CAN"]
[Source "CFC"]
[SourceDate "2002.08.??"]

1. d4 d5 2. c4 e6 3. Nc3 Be7 4. Nf3 Nf6 5. Bg5 h6 6. Bh4 O-O 7. e3 dxc4 8. Bxc4
a6 9. a4 c5 10. O-O Nc6 11. Ne5 Qb6 12. Nxc6 Qxc6 13. dxc5 Qxc5 14. Qb3 Qc7 15.
Rfd1 b6 16. Bg3 Qc6 17. Be2 Bb7 18. Bf3 Qc8 19. Qxb6 Bxf3 20. gxf3 Nh5 21. Qc7
Nxg3 22. Qxe7 Nf5 23. Qd7 Qb8 24. Qd2 Nh4 25. Qe2 Qb7 26. e4 Qe7 27. f4 Qf6 28.
Qg4 Ng6 29. f5 Ne5 30. Qh5 Rab8 31. Rab1 Nc4 32. Qe2 Rfc8 33. fxe6 fxe6 34. Rd3
Rf8 35. Rg3 Ne5 36. Kg2 Ng6 37. Kh1 Kh7 38. Rbg1 Nf4 39. Qc2 g5 40. Rf3 Kh8 41.
Re1 g4 42. e5 Qh4 43. Rg3 Rf5 44. f3 gxf3 45. Re4 Rh5 46. Rxf3 Rf8 47. Qd2 Rhf5
48. Ne2 Rd8 49. Nd4 Rxe5 50. Rxe5 Nh3 51. Rxe6 Ng5 52. Qc3 Qxd4 53. Re8+ Kh7
54. Rxd8 Qxd8 55. Qd3+ 1-0

[Event "CYCC U18"]
[Site "Montreal CAN"]
[Date "2002.07.09"]
[Round "2"]
[White "Laframboise, Marc-Andre"]
[Black "Lawson, Eric"]
[Result "1-0"]
[WhiteElo "2052"]
[BlackElo "2301"]
[PlyCount "109"]
[EventDate "2002.07.08"]
[EventType "swiss"]
[EventRounds "8"]
[EventCountry "CAN"]
[Source "CFC"]
[SourceDate "2002.08.??"]

1. d4 Nf6 2. c4 e6 3. Nc3 Bb4 4. f3 Nh5 5. Nh3 f5 6. g3 b6 7. e4 O-O 8. Bg2 Bb7
9. O-O fxe4 10. Nxe4 Nf6 11. Bg5 Be7 12. Qd2 a5 13. a3 Na6 14. Bxf6 Bxf6 15. f4
Bxe4 16. Bxe4 d5 17. cxd5 exd5 18. Bg2 Qd6 19. Rad1 c6 20. Nf2 Rad8 21. Ng4 c5
22. Nxf6+ Rxf6 23. Rfe1 Nc7 24. Re5 Re6 25. Rde1 Rde8 26. Bh3 Rxe5 27. dxe5 Qh6
28. Bd7 Re7 29. Bc8 Qc6 30. Bh3 d4 31. Bg2 Qe6 32. Qd3 g6 33. b3 Nd5 34. Qc4
Nc3 35. Bf1 Kf8 36. Qxe6 Rxe6 37. a4 Re8 38. Kf2 Rd8 39. Bd3 Ke7 40. Kf3 Nd5
41. g4 Nb4 42. Bc4 Rf8 43. Re2 h5 44. h3 Nc6 45. Ke4 d3 46. Rd2 Nb4 47. f5 hxg4
48. hxg4 gxf5+ 49. gxf5 Rd8 50. f6+ Ke8 51. e6 Rd4+ 52. Kf5 Nd5 53. Rxd3 Rxd3
54. Bxd3 c4 55. Bxc4 1-0

[Event "CYCC U18"]
[Site "Montreal CAN"]
[Date "2002.07.12"]
[Round "8"]
[White "Lawson, Eric"]
[Black "Lentini, Joseph"]
[Result "1-0"]
[WhiteElo "2301"]
[BlackElo "2088"]
[PlyCount "98"]
[EventDate "2002.07.08"]
[EventType "swiss"]
[EventRounds "8"]
[EventCountry "CAN"]
[Source "CFC"]
[SourceDate "2002.08.??"]

1. d4 d5 2. Bg5 c6 3. Nf3 Bg4 4. Nbd2 Nd7 5. h3 Bxf3 6. Nxf3 Ngf6 7. e3 e6 8.
Bd3 c5 9. c3 Be7 10. Bf4 O-O 11. O-O Re8 12. Rc1 a6 13. Bb1 Rc8 14. Qc2 Nf8 15.
Ne5 Ng6 16. Ng4 Nxg4 17. hxg4 Bg5 18. Bxg5 Qxg5 19. Qd1 e5 20. Bf5 Rcd8 21.
dxe5 Nh4 22. f4 Qh6 23. g5 Qb6 24. Bxh7+ Kxh7 25. Qh5+ Kg8 26. Qxh4 Qxb2 27.
Qf2 Qxf2+ 28. Kxf2 Rd7 29. Rfd1 Red8 30. Rd2 b5 31. Rcd1 a5 32. a3 Kf8 33. f5
Ke7 34. Kf3 g6 35. g4 b4 36. axb4 axb4 37. cxb4 cxb4 38. Rd4 Rb7 39. Rb1 b3 40.
Rd3 gxf5 41. gxf5 Rg8 42. Rdxb3 Rxb3 43. Rxb3 Rxg5 44. Rb7+ Ke8 45. Kf4 Rg1 46.
Rb5 f6 47. Rxd5 Rf1+ 48. Ke4 Ke7 49. e6 Ra1 1-0

[Event "Calgary CC October"]
[Site "Calgary CAN"]
[Date "2002.??.??"]
[Round "2"]
[White "Cacho, Belly"]
[Black "Ottosen, David"]
[Result "0-1"]
[WhiteElo "1925"]
[BlackElo "2025"]
[PlyCount "138"]
[EventDate "2002.??.??"]
[EventCountry "CAN"]

1. e4 e6 2. d4 d5 3. exd5 exd5 4. c4 Nf6 5. Nc3 Be7 6. Bd3 Nc6 7. Nge2 Bg4 8.
f3 Be6 9. c5 Nh5 10. O-O g6 11. a3 Bf6 12. Be3 O-O 13. b4 Ng7 14. b5 Ne7 15. g4
h5 16. Qd2 hxg4 17. fxg4 Bh4 18. h3 Qd7 19. Bg5 Bxg5 20. Qxg5 b6 21. Rf4 bxc5
22. dxc5 c6 23. Nd4 Qc7 24. h4 f6 25. Qh6 Qe5 26. Kf2 g5 27. Nxe6 Qxe6 28. hxg5
f5 29. gxf5 Qe5 30. Ne2 Nexf5 31. Bxf5 Rxf5 32. Rxf5 Qxf5+ 33. Ke1 Re8 34. Qf6
Qd3 35. Qb2 Qg3+ 36. Kd1 Qf2 37. Qd2 Rxe2 38. Qxe2 Qd4+ 39. Kc2 Qxa1 40. bxc6
Qa2+ 41. Kd3 Qc4+ 42. Kd2 Qxc5 43. Qa6 Ne8 44. Qc8 Qd4+ 45. Kc2 Qe5 46. Qd7 Kf8
47. g6 Qe4+ 48. Kb2 Qxg6 49. Qxd5 Qf6+ 50. Kb1 Qf7 51. Qc5+ Kg7 52. Kc2 Kf6 53.
Kc3 Nc7 54. Qd4+ Ke6 55. Kb4 Qf8+ 56. Kb3 Qb8+ 57. Kc2 Qb6 58. Qd7+ Ke5 59. a4
Qc5+ 60. Kb1 Nd5 61. Qg7+ Ke4 62. Qg6+ Kd4 63. Qg7+ Kc4 64. Qg4+ Kb3 65. Qd1+
Ka3 66. Qd3+ Qc3 67. Qxc3+ Nxc3+ 68. Kc2 Nxa4 69. Kd3 Kb4 0-1

[Event "Calgary CC October"]
[Site "Calgary CAN"]
[Date "2002.??.??"]
[Round "3"]
[White "Ottosen, David"]
[Black "Pivovarov, Juraj"]
[Result "1-0"]
[WhiteElo "2025"]
[BlackElo "1820"]
[PlyCount "75"]
[EventDate "2002.??.??"]
[EventCountry "CAN"]

1. f3 e5 2. Kf2 d5 3. g3 f5 4. Bg2 Bc5+ 5. e3 Nc6 6. c3 d4 7. cxd4 exd4 8. Nh3
Nf6 9. Re1 Be6 10. Nf4 dxe3+ 11. dxe3 Qe7 12. Qc2 Bd7 13. a3 g5 14. Nd3 Bd6 15.
Nc3 a6 16. b4 Rf8 17. Bb2 Ne4+ 18. Kg1 Nxg3 19. hxg3 Bxg3 20. Nc5 Bxe1 21. Rxe1
O-O-O 22. Qe2 Na7 23. Qc4 Bb5 24. Nxb5 axb5 25. Qe6+ Qxe6 26. Nxe6 Rd2 27. Bc1
Rxg2+ 28. Kxg2 Rg8 29. Rh1 Rg6 30. Nd4 g4 31. Nxf5 gxf3+ 32. Kxf3 Nc6 33. Rxh7
Ne5+ 34. Ke4 Rg1 35. Kxe5 Rxc1 36. e4 Rc3 37. Kf6 Kd8 38. e5 1-0

[Event "Calgary CC ch"]
[Site "Calgary CAN"]
[Date "2002.03.05"]
[Round "1"]
[White "Smith, Mike"]
[Black "Meharg, Bruce"]
[Result "1/2-1/2"]
[WhiteElo "1535"]
[BlackElo "1895"]
[PlyCount "67"]
[EventDate "2002.03.05"]
[EventType "swiss"]
[EventRounds "5"]
[EventCountry "CAN"]

1. d4 Nf6 2. c4 e6 3. Nc3 Bb4 4. Bd2 O-O 5. a3 Bxc3 6. Bxc3 Nc6 7. Nf3 Ne4 8.
e3 Nxc3 9. bxc3 d5 10. c5 Bd7 11. Bd3 b6 12. h4 h6 13. cxb6 cxb6 14. Qc2 Rc8
15. Ba6 Rc7 16. Ng5 hxg5 17. hxg5 g6 18. f4 Kg7 19. g3 Rh8 20. O-O-O Na5 21.
Kb2 Nc4+ 22. Bxc4 Rxc4 23. Rxh8 Qxh8 24. Qg2 Kf8 25. Rh1 Qg7 26. e4 Bc6 27. e5
Ke7 28. Rh6 Bb5 29. Qh3 Rc8 30. g4 Bd7 31. Rh7 Qf8 32. Qd3 Qg8 33. Qh3 Qd8 34.
Rxf7+ 1/2-1/2

[Event "Calgary op"]
[Site "Calgary CAN"]
[Date "2002.10.15"]
[Round "1"]
[White "Ward, Kevin"]
[Black "Nguyen, Kim"]
[Result "1-0"]
[WhiteElo "1702"]
[BlackElo "1997"]
[PlyCount "93"]
[EventDate "2002.10.15"]
[EventType "swiss"]
[EventRounds "6"]
[EventCountry "CAN"]

1. f4 c5 2. Nf3 Nc6 3. b3 Nf6 4. e3 g6 5. Bb2 Bg7 6. Be2 b6 7. O-O O-O 8. Ne5
Bb7 9. Bf3 Qc7 10. c4 Ne8 11. Na3 a6 12. d4 Nb4 13. Bxb7 Qxb7 14. Nc2 Nxc2 15.
Qxc2 d6 16. Nf3 Nc7 17. d5 Bxb2 18. Qxb2 b5 19. Qc2 Rab8 20. Rab1 Qc8 21. e4
Qd7 22. Ng5 e6 23. f5 exd5 24. exd5 Qe7 25. Ne4 Rfe8 26. Rbe1 Kh8 27. Qd2 bxc4
28. fxg6 fxg6 29. Nf6 Qg7 30. Nxe8 Nxe8 31. bxc4 h5 32. Re4 Nf6 33. Ref4 Ng4
34. h3 Ne5 35. a3 Rb7 36. Qa5 Qd7 37. Qxa6 Ra7 38. Qb6 Rb7 39. Qa5 Ra7 40. Qc3
Qa4 41. R1f3 Kh7 42. Re3 Rd7 43. Qb3 Qxb3 44. Rxb3 Ra7 45. Rb6 Rxa3 46. Rxd6 g5
47. Re4 1-0

[Event "Calgary op"]
[Site "Calgary CAN"]
[Date "2003.10.22"]
[Round "2"]
[White "Adolph, Joel"]
[Black "Ghazi, Mohammed"]
[Result "1-0"]
[WhiteElo "1773"]
[BlackElo "1511"]
[PlyCount "79"]
[EventDate "2002.10.15"]
[EventType "swiss"]
[EventRounds "6"]
[EventCountry "CAN"]
[SourceDate "2003.08.17"]

1. d4 Nf6 2. Nf3 b6 3. Bf4 Bb7 4. e3 e6 5. c3 d5 6. Bd3 h6 7. h3 Bd6 8. Ne5
Nbd7 9. Nd2 Qe7 10. Ndf3 a5 11. a4 Ba6 12. Nc6 Qf8 13. Bxa6 Rxa6 14. Qd3 Ra8
15. Nfe5 g5 16. Bh2 Qg7 17. Qb5 Bxe5 18. Bxe5 Rc8 19. Qa6 O-O 20. Ne7+ Kh8 21.
Nxc8 Qg6 22. Ne7 Qe4 23. Bxf6+ Nxf6 24. Rg1 Qc2 25. Qe2 Qb3 26. Ra3 Qc4 27.
Qxc4 dxc4 28. Nc6 Nd5 29. Ne5 f5 30. Ng6+ Kg7 31. Nxf8 Kxf8 32. Kd2 Kf7 33. h4
g4 34. b3 cxb3 35. Rxb3 h5 36. c4 Nb4 37. Rxb4 axb4 38. Rb1 c5 39. dxc5 bxc5
40. a5 1-0

[Event "Calgary op"]
[Site "Calgary CAN"]
[Date "2002.10.22"]
[Round "2"]
[White "Ward, Kevin"]
[Black "Beesley, Scott"]
[Result "1-0"]
[WhiteElo "1702"]
[BlackElo "1821"]
[PlyCount "137"]
[EventDate "2002.10.15"]
[EventType "swiss"]
[EventRounds "6"]
[EventCountry "CAN"]

1. f4 d5 2. Nf3 Nf6 3. b3 e6 4. e3 c5 5. Bb2 Be7 6. c4 O-O 7. Qc2 Nc6 8. a3 Ne4
9. Bd3 f5 10. O-O Bf6 11. Ne5 Nxe5 12. fxe5 Bh4 13. Nc3 Nxc3 14. Qxc3 b6 15.
cxd5 Qxd5 16. Be2 Bb7 17. Bf3 Qd7 18. Bxb7 Qxb7 19. Qc4 Qe7 20. Rf3 Rad8 21.
Bc3 h6 22. Raf1 Kh7 23. b4 g5 24. g3 g4 25. R3f2 Bg5 26. bxc5 bxc5 27. Rb1 Rb8
28. Rff1 Rb6 29. Rxb6 axb6 30. Rb1 Rb8 31. a4 Qd7 32. a5 Qc6 33. a6 b5 34. a7
Ra8 35. Rxb5 Rxa7 36. Rxc5 Qe8 37. Rc6 Re7 38. Bb4 Rb7 39. Rxe6 Qa4 40. Qd3
Qxb4 41. Qxf5+ Kh8 42. Re8+ Kg7 43. Qd3 Qb1+ 44. Qxb1 Rxb1+ 45. Kf2 Kf7 46. Ra8
Rb5 47. Ra4 Ke6 48. Rxg4 Kxe5 49. h4 Kf5 50. Kf3 Bf6 51. Rf4+ Kg6 52. Kg4 Bb2
53. Rc4 h5+ 54. Kf4 Be5+ 55. Kf3 Rd5 56. d4 Bf6 57. Ke4 Rd7 58. d5 Re7+ 59. Kf3
Kf5 60. Rc5 Ke5 61. d6+ Kxd6 62. Rxh5 Re5 63. Rxe5 Kxe5 64. Kg4 Ke4 65. h5 Kxe3
66. Kf5 Bh8 67. g4 Kf3 68. g5 Kg3 69. h6 1-0

[Event "Calgary op"]
[Site "Calgary CAN"]
[Date "2002.10.29"]
[Round "3"]
[White "Kuwair, Martin"]
[Black "Ward, Kevin"]
[Result "0-1"]
[WhiteElo "1906"]
[BlackElo "1702"]
[PlyCount "64"]
[EventDate "2002.10.15"]
[EventType "swiss"]
[EventRounds "6"]
[EventCountry "CAN"]

1. e4 d5 2. exd5 Qxd5 3. Nc3 Qa5 4. Nf3 c6 5. Be2 Nf6 6. O-O Bg4 7. d3 Nbd7 8.
Re1 e6 9. Bd2 O-O-O 10. a3 Qc7 11. b4 a6 12. h3 h5 13. Qc1 Bf5 14. Qb2 Bd6 15.
a4 Ne5 16. b5 Nxf3+ 17. Bxf3 Qb6 18. a5 Qc7 19. bxc6 bxc6 20. Na4 Kd7 21. Nb6+
Ke7 22. Ra4 Rb8 23. Rc4 c5 24. Bg5 Rhd8 25. Qc3 Rxb6 26. axb6 Qxb6 27. Bxh5 Rb8
28. Ra1 Kf8 29. Bxf6 gxf6 30. Qxf6 Bg6 31. Bxg6 Qb1+ 32. Rxb1 Rxb1# 0-1

[Event "Calgary op"]
[Site "Calgary CAN"]
[Date "2003.11.05"]
[Round "4"]
[White "Adolph, Joel"]
[Black "Das, Roger"]
[Result "1-0"]
[WhiteElo "1773"]
[BlackElo "1600"]
[PlyCount "55"]
[EventDate "2002.10.15"]
[EventType "swiss"]
[EventRounds "6"]
[EventCountry "CAN"]
[SourceDate "2003.08.17"]

1. d4 Nf6 2. Nf3 b6 3. Bf4 Bb7 4. e3 e6 5. Nbd2 c5 6. c3 h6 7. h3 d5 8. Bd3 c4
9. Bc2 Bd6 10. Ne5 Qc7 11. Ndf3 Nc6 12. Nxc6 Bxf4 13. exf4 Bxc6 14. Ne5 Nd7 15.
Qh5 Nxe5 16. fxe5 O-O-O 17. f4 Qe7 18. f5 Bd7 19. O-O Rdf8 20. f6 gxf6 21. Rxf6
Rhg8 22. Qxh6 Rg3 23. Raf1 Be8 24. Kh2 Rfg8 25. R1f2 b5 26. Qf4 Qf8 27. Rxe6
Qg7 28. Rxe8+ 1-0

[Event "Calgary op"]
[Site "Calgary CAN"]
[Date "2002.11.05"]
[Round "4"]
[White "Ward, Kevin"]
[Black "Daniluk, Jim"]
[Result "1-0"]
[WhiteElo "1702"]
[BlackElo "1953"]
[PlyCount "67"]
[EventDate "2002.10.15"]
[EventType "swiss"]
[EventRounds "6"]
[EventCountry "CAN"]

1. f4 g5 2. fxg5 e5 3. b3 Bc5 4. Nf3 e4 5. Ne5 Bd4 6. Nxf7 Kxf7 7. c3 Bg7 8. d4
h6 9. e3 Qxg5 10. Bc4+ d5 11. O-O+ Nf6 12. Be2 h5 13. c4 Bg4 14. cxd5 Bxe2 15.
Qxe2 Qxd5 16. Nc3 Qe6 17. Bb2 Kg6 18. Nb5 Na6 19. h3 c6 20. Nc3 Nb4 21. Nd1
Rhf8 22. Ba3 a5 23. Nc3 Nfd5 24. Nxd5 Rxf1+ 25. Rxf1 cxd5 26. Qe1 Nxa2 27. Qg3+
Kh7 28. Qc7 Qh6 29. Bd6 Qxe3+ 30. Kh2 Qxd4 31. Rf5 b5 32. Qf7 Qd1 33. Rxh5+
Qxh5 34. Qxh5+ 1-0

[Event "Calgary op"]
[Site "Calgary CAN"]
[Date "2003.11.12"]
[Round "5"]
[White "Adolph, Joel"]
[Black "Zheng, Fisher"]
[Result "1-0"]
[WhiteElo "1773"]
[BlackElo "1577"]
[PlyCount "57"]
[EventDate "2002.10.15"]
[EventType "swiss"]
[EventRounds "6"]
[EventCountry "CAN"]
[SourceDate "2003.08.17"]

1. d4 Nf6 2. Nf3 g6 3. Bf4 Bg7 4. e3 c5 5. c3 Qb6 6. Qb3 Qxb3 7. axb3 cxd4 8.
exd4 Nc6 9. Nbd2 d5 10. Bd3 O-O 11. b4 e6 12. b5 Ne7 13. Bd6 Re8 14. Ne5 Nd7
15. f4 Nb6 16. Bc7 Nd7 17. b6 Nxe5 18. fxe5 a6 19. O-O Bd7 20. Nb3 Bb5 21. Bxb5
axb5 22. Nc5 Nc6 23. Nxb7 Bf8 24. Nd6 Bxd6 25. exd6 Rf8 26. Rxa8 Rxa8 27. b7
Rf8 28. Ra1 Nb8 29. Bxb8 1-0

[Event "Canada Day op"]
[Site "Toronto CAN"]
[Date "2002.06.29"]
[Round "1"]
[White "Findlay, Ian"]
[Black "Rapoport, Alexander"]
[Result "1-0"]
[WhiteElo "2350"]
[BlackElo "2050"]
[PlyCount "97"]
[EventDate "2002.06.29"]
[EventType "swiss"]
[EventRounds "6"]
[EventCountry "CAN"]

1. e4 c5 2. Nf3 Nc6 3. d4 cxd4 4. Nxd4 g6 5. c4 Bg7 6. Be3 Nf6 7. Nc3 O-O 8.
Be2 d6 9. O-O Bd7 10. Nc2 Qa5 11. f3 Rac8 12. Qd2 Rfd8 13. Rac1 Be6 14. Rfd1
Nd7 15. Ne1 Nde5 16. b3 f5 17. exf5 Bxf5 18. Nd3 Nxd3 19. Bxd3 Bxd3 20. Qxd3
Qf5 21. Qe2 Be5 22. Nd5 e6 23. f4 Bg7 24. Nc3 Bxc3 25. Rxc3 d5 26. cxd5 exd5
27. Rcd3 Qe4 28. Qd2 Re8 29. Bf2 d4 30. Bxd4 Qe2 31. Bb2 Qxd2 32. R1xd2 Kf7 33.
Rd7+ Re7 34. Kf2 Ke6 35. R2d6+ Kf7 36. Kf3 Rc7 37. Rxc7 Rxc7 38. g4 b5 39. f5
gxf5 40. Rf6+ Ke7 41. Rxf5 a6 42. h4 Rd7 43. Ke3 Rd1 44. Rh5 Re1+ 45. Kf3 Rf1+
46. Ke4 Rf7 47. Rf5 Rxf5 48. Kxf5 Nd8 49. Bf6+ 1-0

[Event "Canada Day op"]
[Site "Toronto CAN"]
[Date "2002.06.29"]
[Round "1"]
[White "Mitrovic, Bojana"]
[Black "Johnson, Chris"]
[Result "1-0"]
[WhiteElo "2176"]
[BlackElo "1996"]
[PlyCount "61"]
[EventDate "2002.06.29"]
[EventType "swiss"]
[EventRounds "6"]
[EventCountry "CAN"]

1. Nf3 Nf6 2. g3 g6 3. Bg2 Bg7 4. O-O O-O 5. d4 d5 6. c4 c6 7. b3 Na6 8. Nc3
Nc7 9. Bb2 e6 10. Qc2 b6 11. Ne5 Bb7 12. Ba3 Re8 13. c5 Nd7 14. Nxd7 Qxd7 15.
Rad1 e5 16. dxe5 Bxe5 17. f4 Bxc3 18. Qxc3 Qe6 19. Bb2 Qe3+ 20. Qxe3 Rxe3 21.
Be5 Nb5 22. Kf2 Rxe5 23. fxe5 bxc5 24. Rc1 Re8 25. Rxc5 Rxe5 26. e4 Nd6 27.
exd5 cxd5 28. Re1 Ne4+ 29. Bxe4 Rxe4 30. Rxe4 dxe4 31. Rc7 1-0

[Event "Canada Day op"]
[Site "Toronto CAN"]
[Date "2002.06.29"]
[Round "1"]
[White "Noritsyn, Nikolay"]
[Black "Ramaswamy, Kiran"]
[Result "0-1"]
[WhiteElo "2067"]
[BlackElo "1952"]
[PlyCount "84"]
[EventDate "2002.06.29"]
[EventType "swiss"]
[EventRounds "6"]
[EventCountry "CAN"]

1. e4 c5 2. Nf3 Nc6 3. d4 cxd4 4. Nxd4 g6 5. Nc3 Bg7 6. Be3 Nf6 7. Bc4 O-O 8.
f3 d6 9. Qd2 Bd7 10. O-O-O Rc8 11. Bb3 Ne5 12. Bh6 Bxh6 13. Qxh6 Rxc3 14. bxc3
Qc7 15. Qe3 Rc8 16. g4 a5 17. a4 Nc4 18. Bxc4 Qxc4 19. Kd2 Bxa4 20. Qd3 Qc5 21.
Ra1 Bd7 22. h4 a4 23. Qe3 Qe5 24. Rae1 Qa5 25. h5 Rc5 26. hxg6 fxg6 27. Ra1 Re5
28. Rhg1 d5 29. g5 Ne8 30. Qf4 dxe4 31. fxe4 Nd6 32. Raf1 Nxe4+ 33. Kc1 Bf5 34.
Nxf5 gxf5 35. g6 Qxc3 36. gxh7+ Kf7 37. h8=N+ Ke8 38. Rg8+ Kd7 39. Rd1+ Kc7 40.
Kb1 Qb4+ 41. Ka1 Qa3+ 42. Kb1 Nc3# 0-1